000
00268nam a2200109Ia 4500
008
200302s9999 xx 000 0 und d
100
_a
Daniela Pogade
245
_a
The New Office : Planning and Design
260
_b
D O M publishers
260
_c
2009
300
_a
269 P.,
999
_c
3860
_d
3860